Statistics for 200 Most Populous Cities in Canada

Click here to take the quiz!

General Stats

  • This quiz has been taken 17 times
    (4 since last reset)
  • The average score is 64 of 200

Answer Stats

RankAnswerProvince or territoryPopulation% Correct
1TorontoOntario2,731,571
100%
8VancouverBritish Columbia631,486
100%
2MontréalQuebec1,704,694
100%
65North VancouverBritish Columbia85,935
100%
11QuébecQuebec531,902
100%
66VictoriaBritish Columbia85,792
100%
113West VancouverBritish Columbia42,473
100%
6MississaugaOntario721,599
100%
5EdmontonAlberta932,546
100%
4OttawaOntario934,243
100%
3CalgaryAlberta1,239,220
100%
72PeterboroughOntario81,032
75%
24ReginaSaskatchewan215,106
75%
92FrederictonNew Brunswick58,220
75%
127CharlottetownPrince Edward Island36,094
75%
39GuelphOntario131,794
75%
82Saint JohnNew Brunswick67,575
75%
78MonctonNew Brunswick71,889
75%
19SaskatoonSaskatchewan246,376
75%
15LondonOntario383,822
75%
7WinnipegManitoba705,244
75%
10HamiltonOntario536,917
75%
14HalifaxNova Scotia403,131
75%
18GatineauQuebec276,245
75%
58Cape-BretonNova Scotia94,285
50%
20LongueuilQuebec239,700
50%
48MiltonOntario110,128
50%
17VaughanOntario306,233
50%
50Thunder BayOntario107,909
50%
13LavalQuebec422,993
50%
170WhitehorseYukon25,085
50%
54Red DeerAlberta100,418
50%
87Medicine HatAlberta63,260
50%
126InnisfilOntario36,566
50%
63KamloopsBritish Columbia90,280
50%
137West KelownaBritish Columbia32,655
50%
12SurreyBritish Columbia517,887
50%
22BurnabyBritish Columbia232,755
50%
139Saint-GeorgesQuebec32,513
50%
9BramptonOntario593,638
50%
69NewmarketOntario84,224
50%
21KitchenerOntario233,222
50%
95AuroraOntario55,445
50%
49St. John'sNewfoundland and Labrador108,860
50%
38St. CatharinesOntario133,113
50%
37Trois-RivièresQuebec134,413
50%
29Greater SudburyOntario161,531
50%
30SherbrookeQuebec161,323
50%
102BrandonManitoba48,859
50%
35AbbotsfordBritish Columbia141,397
50%
16MarkhamOntario328,966
50%
34BarrieOntario141,434
50%
23WindsorOntario217,188
50%
42KelownaBritish Columbia127,380
50%
144Pointe-ClaireQuebec31,380
25%
118Salaberry-de-ValleyfieldQuebec40,745
25%
142Parkland CountyAlberta32,097
25%
114Rouyn-NorandaQuebec42,334
25%
141Côte-Saint-LucQuebec32,448
25%
140Val-d'OrQuebec32,491
25%
116BouchervilleQuebec41,671
25%
117WoodstockOntario40,902
25%
122MissionBritish Columbia38,833
25%
119VernonBritish Columbia40,116
25%
128Prince AlbertSaskatchewan35,926
25%
120Rocky View CountyAlberta39,407
25%
135PentictonBritish Columbia33,761
25%
134Moose JawSaskatchewan33,890
25%
123Vaudreuil-DorionQuebec38,117
25%
132New TecumsethOntario34,242
25%
131Sorel-TracyQuebec34,755
25%
130Bradford West GwillimburyOntario35,325
25%
129LangfordBritish Columbia35,342
25%
124BrantOntario36,707
25%
168Sept-ÎlesQuebec25,400
25%
146AlmaQuebec30,776
25%
175KingOntario24,512
25%
199EssaOntario21,083
25%
197VarennesQuebec21,257
25%
196Owen SoundOntario21,341
25%
193Baie-ComeauQuebec21,536
25%
191ScugogOntario21,617
25%
189Saint-LambertQuebec21,861
25%
187Kings, Subd. ANova Scotia22,234
25%
186Grande Prairie County No. 1Alberta22,303
25%
182Foothills No. 31Alberta22,766
25%
181Mount PearlNewfoundland and Labrador22,957
25%
180TecumsehOntario23,229
25%
179LincolnOntario23,787
25%
178East GwillimburyOntario23,991
25%
177La PrairieQuebec24,110
25%
174Clarence-RocklandOntario24,512
25%
147Fort ErieOntario30,710
25%
157Saint-ConstantQuebec27,359
25%
148LaSalleOntario30,180
25%
149LeducAlberta29,993
25%
150Sainte-JulieQuebec29,881
25%
151North CowichanBritish Columbia29,676
25%
154OkotoksAlberta28,881
25%
155Centre WellingtonOntario28,191
25%
158GrimsbyOntario27,314
25%
173Prince Edward CountyOntario24,735
25%
160MagogQuebec26,669
25%
161Saint-Bruno-de-MontarvilleQuebec26,394
25%
162Conception Bay SouthNewfoundland and Labrador26,199
25%
164LangleyBritish Columbia25,888
25%
167Thetford MinesQuebec25,403
25%
111Saint-EustacheQuebec44,008
25%
112Quinte WestOntario43,577
25%
101Dollard des OrmeauxQuebec48,899
25%
110GeorginaOntario45,418
25%
61PickeringOntario91,771
25%
31OshawaOntario159,458
25%
76Prince GeorgeBritish Columbia74,003
25%
75Saint-JérômeQuebec74,346
25%
74Kawartha LakesOntario75,423
25%
73DrummondvilleQuebec75,423
25%
71Maple RidgeBritish Columbia82,256
25%
32SaguenayQuebec145,949
25%
33LévisQuebec143,414
25%
67BrossardQuebec85,721
25%
36CoquitlamBritish Columbia139,284
25%
64Niagara FallsOntario88,071
25%
62NanaimoBritish Columbia90,504
25%
60ClaringtonOntario92,013
25%
79SarniaOntario71,594
25%
59LethbridgeAlberta92,729
25%
57Saint-Jean-sur-RichelieuQuebec95,114
25%
40CambridgeOntario129,920
25%
56BrantfordOntario97,496
25%
55Strathcona CountyAlberta98,044
25%
41WhitbyOntario128,377
25%
53Chatham-KentOntario101,647
25%
43KingstonOntario123,798
25%
44AjaxOntario119,677
25%
52DeltaBritish Columbia102,238
25%
51WaterlooOntario104,986
25%
47TerrebonneQuebec111,575
25%
46SaanichBritish Columbia114,148
25%
77Sault Ste. MarieOntario73,368
25%
80Wood BuffaloAlberta71,589
25%
94Saint-HyacintheQuebec55,648
25%
108Whitchurch-StouffvilleOntario45,837
25%
107VictoriavilleQuebec46,130
25%
25RichmondBritish Columbia198,309
25%
106CornwallOntario46,589
25%
105MascoucheQuebec46,692
25%
104ChâteauguayQuebec47,906
25%
103RimouskiQuebec48,664
25%
100ShawiniganQuebec49,349
25%
26Richmond HillOntario195,022
25%
98BellevilleOntario50,716
25%
97North BayOntario51,553
25%
27OakvilleOntario193,832
25%
96WellandOntario52,293
25%
81New WestminsterBritish Columbia70,996
25%
45LangleyBritish Columbia117,285
25%
93BlainvilleQuebec56,863
25%
85St. AlbertAlberta65,589
25%
90Halton HillsOntario61,161
25%
89AirdrieAlberta61,581
25%
83CaledonOntario66,502
25%
88Grande PrairieAlberta63,166
25%
28BurlingtonOntario183,314
25%
84GranbyQuebec66,222
25%
91Port CoquitlamBritish Columbia58,612
25%
86Norfolk CountyOntario64,044
25%
192KingsvilleOntario21,552
0%
194ParadiseNewfoundland and Labrador21,389
0%
198UxbridgeOntario21,176
0%
195BrockvilleOntario21,346
0%
190CollingwoodOntario21,793
0%
183BeloeilQuebec22,458
0%
184East HantsNova Scotia22,453
0%
188AmherstburgOntario21,936
0%
185L'AssomptionQuebec22,429
0%
156LeamingtonOntario27,595
0%
176Fort SaskatchewanAlberta24,149
0%
70ChilliwackBritish Columbia83,788
0%
115TimminsOntario41,788
0%
121St. ThomasOntario38,909
0%
99MirabelQuebec50,513
0%
125LakeshoreOntario36,611
0%
133Spruce GroveAlberta34,066
0%
136Port MoodyBritish Columbia33,551
0%
138Campbell RiverBritish Columbia32,588
0%
143StratfordOntario31,465
0%
145OrilliaOntario31,166
0%
152ChamblyQuebec29,120
0%
172LunenburgNova Scotia24,863
0%
153OrangevilleOntario28,900
0%
68RepentignyQuebec84,285
0%
109Haldimand CountyOntario45,608
0%
159BoisbriandQuebec26,884
0%
163Sainte-ThérèseQuebec25,989
0%
165CochraneAlberta25,853
0%
166CourtenayBritish Columbia25,599
0%
169DieppeNew Brunswick25,384
0%
171WoolwichOntario25,006
0%
200CandiacQuebec21,047
0%

Score Distribution

Percentile by Number Answered

Percent of People with Each Score

Your Score History

You have not taken this quiz since the last reset